000
00342cam a2200145ua 4500
041
_a
eng
_h
082
_a
914.1
_b
HER/DI
100
_a
Herdman, T .
245
_a
Discovering Geography in Britain /
_c
T.Herdman.
_h
Textual Documents
260
_a
:
_b
Longman ,
_c
1961.
300
_a
152 ; .
504
_a
942
_c
BK
999
_c
781
_d
781